000 00307nam a22001337a 4500
008 170710b xxu||||| |||| 00| 0 eng d
020 _a9780816033171
041 _aeng
080 _a030
100 _a23
101 _aENC
245 _aTHE ENCYCLOPEDIA OF NOVELS INTO FILM
_cTIBBETS,J.C
942 _2udc
_cBK
999 _c20190
_d20190